000 01137nam a2200277 i 4500
001 75082
003 ES-MaACL
005 20250812062523.0
007 t|
008 040922s1960 sp 00110 spa d
080 _a32(04)
100 1 _aKendall, Willmoore.
_967826
245 1 3 _aEl hombre ante la asamblea /
_cWillmoore Kendall.
260 _aMadrid :
_bAteneo :
_bEditora Nacional,
_c1960 (
_fGráf. Benzal)
300 _a37 p. ;
_c19 cm.
490 1 _aColección "O Crece o Muere" ;
_v148
505 0 _aSócrates: un símbolo ; La doctrina del "Critón" ; Libertad de palabra ; Sócrates ante la Asamblea
594 _aEste trabajo fue dado a conocer por su autor en la conferencia pronunciada en el Ateneo de Madrid el día 13 de enero de 1960, en el curso "El hombre y la sociedad de masas"
600 0 4 _aSócrates-
_xCrítica e interpretación.
_9107014
610 2 4 _aAteneo de Madrid-
_vConferencias-
_y1940-1982.
_91908
650 4 _aPolítica-
_xFilosofía
_916274
710 2 _aAteneo de Madrid.
_91875
830 1 0 _aColección "O crece o muere"
_v148
_9183476
852 4 _aES-MaACL
_jJ-24(148)
999 _c75082
_d75082